Ondárroa / (Record no. 44532)

MARC details
000 -LEADER
campo de control de longitud fija 00456nam a2200157 i 4500
001 - NÚMERO DE CONTROL
campo de control 44532
003 - IDENTIFICADOR DE NÚMERO DE CONTROL
campo de control ES-MaACL
005 - FECHA Y HORA DE LA ÚLTIMA TRANSACCIÓN
campo de control 20230906161042.0
007 - CAMPO FIJO DE DESCRIPCIÓN FÍSICA--INFORMACIÓN GENERAL
campo de control de longitud fija t|
008 - DATOS DE LONGITUD FIJA--INFORMACIÓN GENERAL
campo de control de longitud fija 030321s1949 sp ||||1| spa d
100 1# - ENTRADA PRINCIPAL--NOMBRE DE PERSONA
Nombre de persona Clemente Romeo, Esteban.
9 (RLIN) 39208
245 10 - MENCIÓN DEL TÍTULO
Título Ondárroa /
Mención de responsabilidad, etc. Esteban Clemente Romeo.
260 ## - PUBLICACIÓN, DISTRIBUCIÓN, ETC.
Lugar de publicación, distribución, etc. Bilbao :
Nombre del editor, distribuidor, etc. [s.n.,
Fecha de publicación, distribución, etc. 1949] (
Fabricante Talls. Escuelas de la J. de P. Menores)
300 ## - DESCRIPCIÓN FÍSICA
Extensión 265 p. ;
Dimensiones 21 cm.
852 ## - LOCALIZACIÓN
Ubicación ES-MaACL
Número de control de estantería B-12764
Sublocalización o colección R.29067
Holdings
Estatus retirado Estado de pérdida Estado de daño No para préstamo Biblioteca de origen Biblioteca actual Ubicación en estantería Fecha de adquisición Fuente de adquisición Total de préstamos Signatura topográfica completa Código de barras Visto por última vez Precio de reemplazo Tipo de ítem Koha
        Biblioteca del Ateneo de Madrid Biblioteca del Ateneo de Madrid Sala Pardo Bazán 17/01/2008     B-12764 1046871 23/02/2023 23/02/2023 Libro impreso